लोड हो रहा है...

Science & Technology In India

ग्रंथसूची विवरण
मुख्य लेखक: A Rahman
स्वरूप: Printed Book
प्रकाशित: Indian Council for Cultural Relations 1973
LEADER 00330nam a2200109 4500
082
100 |a A Rahman 
245 |a Science & Technology In India  |c A Rahman 
260 |a Indian Council for Cultural Relations  |c 1973 
942 |c BK 
999 |c 195163  |d 195163 
952 |0 0  |1 0  |4 0  |7 0  |9 208512  |a DCI  |b DCI  |d 2019-10-29  |l 0  |p DCI1559  |r 2019-10-29  |w 2019-10-29  |y BK